[Event "2nd Gujarat Open 2019"]
[Site "Ahmedabad, Gujarat"]
[Date "2019.09.24"]
[Round "4.16"]
[White "Murshed, Niaz"]
[Black "Gaikwad, Siddhant"]
[Result "1-0"]
[WhiteElo "2405"]
[BlackElo "2034"]
[Annotator "TA"]
[PlyCount "49"]
[EventDate "2019.09.22"]
[EventCountry "IND"]
[SourceTitle "playchess.com"]
[Source "ChessBase"]
[SourceQuality "1"]

{[%evp 16,101,8,2,19,7,30,33,39,19,42,37,67,53,67,60,52,60,87,89,96,95,184,179,243,227,303,329,302,296,436,437,618,588,854,-1416,973,972,863,-418,1016,-411,1199,1222,29990,5373,2572,2164,2259,2231,29988,3728,29992,29990,29991,29989,29991,29990,29990,29991,29991,29992,29992,29993,29995,29993,29995,29994,29995,29991,29997,29995,29995,29991,29994,29990,29991,29991,29992,29990,29994,29993,29993,29991,29991,29992,29992,29991]} 1. c4 e5 2. g3 Nf6 3. Bg2 d5 4. cxd5 Nxd5 5. Nc3 Nb6 6. Nf3 Nc6 7. O-O Be6 8. d3 Be7 9. a3 f5 {A29: English Opening: Four Knights Variation with 4 g3} (9... O-O 10. b4 a5 11. b5 Nd4 12. Bb2 f6 13. Nd2 c6 14. bxc6 Nxc6 15. Na4 Rb8 16. Rc1 Nxa4 17. Qxa4 Nd4 18. Qd1 a4 19. e3 Nb3 20. Nxb3 Bxb3 {1-0 (51) Li,C (2720)-Ma,Q (2637) China 2017}) 10. Be3 g5 11. b4 g4 {White is slightly better.} 12. Nd2 O-O $146 ({Predecessor:} 12... Nd5 13. Nxd5 Bxd5 14. Bxd5 Qxd5 15. Qb3 Rd8 16. Qxd5 Rxd5 17. f3 {0-1 (48) Marko,A (2080)-Balogh,P (2150) Slovakia 2016}) 13. Nb3 f4 14. Nc5 Bxc5 15. Bxc5 Rf7 16. Rc1 Qf6 17. Ne4 Qf5 18. b5 Nd8 (18... Nd4 $16 {is a better defense.}) 19. f3 $18 h5 (19... Qg6 $142 20. Kh1 h5) 20. e3 Nd5 21. exf4 exf4 22. fxg4 hxg4 (22... Qe5 $142 23. d4 Qg7) 23. gxf4 Nxf4 (23... Qg6 $142 24. Ng5 Rf5) 24. Be3 Nxg2 25. Rxf5 {Played: Rf1-f3} 1-0

[Event "2nd Gujarat Open 2019"]
[Site "Ahmedabad, Gujarat"]
[Date "2019.09.24"]
[Round "4.17"]
[White "Patil, Mitali"]
[Black "Vlassov, Nikolai"]
[Result "1/2-1/2"]
[WhiteElo "2036"]
[BlackElo "2384"]
[Annotator "TA"]
[PlyCount "68"]
[EventDate "2019.09.22"]
[EventCountry "IND"]
[SourceTitle "playchess.com"]
[Source "ChessBase"]
[SourceQuality "1"]

{[%evp 14,68,14,12,14,-6,-4,-8,-14,-13,-12,-8,0,-15,0,0,0,0,0,0,6,11,25,22,24,18,18,22,4,18,33,39,32,30,38,31,47,8,8,8,8,1,0,0,0,0,0,0,17,0,0,0,0,0,0,0,0]} 1. d4 Nf6 2. c4 e6 3. Nc3 Bb4 4. e3 b6 5. Nge2 Ba6 6. a3 Bxc3+ 7. Nxc3 d5 8. Qa4+ c6 {E45: Nimzo-Indian: Rubinstein: 4...b6 5 Ne2 Ba6} (8... Qd7 9. Qxd7+ Kxd7 10. cxd5 exd5 11. Bxa6 Nxa6 12. Ke2 c5 13. Rd1 c4 14. f3 Rhe8 15. Bd2 Re6 16. Be1 {½-½ (36) Kohlweyer,B (2395)-Kogan,A (2549) Las Palmas 2014}) 9. cxd5 Bxf1 10. Kxf1 exd5 11. g3 O-O 12. Kg2 Re8 13. Re1 Qd6 14. f3 Nbd7 15. e4 dxe4 16. Bf4 $1 {[%cal Rf4d6]} exf3+ 17. Kxf3 b5 $146 18. Bxd6 bxa4 19. Nxa4 Nd5 20. Rac1 {next Rxe8+ is good for White.} Rxe1 21. Rxe1 f5 22. Rc1 Re8 23. Rxc6 Re3+ 24. Kf2 {[#] Strongly threatening Nc3.} N7f6 25. Nc3 Ng4+ $1 {The position is equal.} 26. Kg2 Nxc3 $1 27. bxc3 $11 {[%mdl 4096] Endgame Black must now prevent h3. KRB-KRN} Re2+ 28. Kg1 Nxh2 29. Rc8+ Kf7 30. Rc7+ Kg6 31. Be5 Nf3+ 32. Kf1 Rd2 $1 33. Rxg7+ Kh6 34. Rxa7 {[#] And now Bf4+ would win.} Nh2+ {Accuracy: White = 54%, Black = 67%.} 1/2-1/2

[Event "2nd Gujarat Open 2019"]
[Site "Ahmedabad, Gujarat"]
[Date "2019.09.24"]
[Round "4.18"]
[White "Kavinda, Akila"]
[Black "Manush Shah"]
[Result "0-1"]
[WhiteElo "2029"]
[BlackElo "2352"]
[Annotator "TA"]
[PlyCount "102"]
[EventDate "2019.09.22"]
[EventCountry "IND"]
[SourceTitle "playchess.com"]
[Source "ChessBase"]
[SourceQuality "1"]

{[%evp 17,102,4,25,-6,0,-6,0,-5,0,-10,-10,-18,-9,-10,-8,-17,-9,-9,0,0,0,-18,-18,-38,-33,-43,-37,-85,-88,-265,-244,-233,-247,-206,-104,-475,-330,-461,-468,-429,-266,-255,-251,-255,-210,-248,-206,-238,-202,-214,-214,-212,-202,-259,-258,-252,-249,-248,-260,-260,-262,-242,-233,-212,-177,-362,-359,-369,-205,-291,138,-608,-565,-764,-471,-454,-463,-831,-820,-736,-656,-510,-270,-252,-243,-1573,-1390]} 1. Nf3 d5 2. g3 c6 3. Bg2 Bg4 4. c4 e6 5. O-O Nd7 6. cxd5 exd5 7. d3 Ngf6 8. Qc2 Be7 9. Nc3 O-O 10. h3 {A11: English Opening: 1...c6} (10. e4 Nc5 11. Ne5 Be6 12. Kh1 Nfd7 13. Nf3 Nb6 14. Rd1 Rc8 15. Nd4 Bg4 16. f3 Bd7 17. Be3 g6 18. Qf2 {½-½ (50) Rapport,R (2693)-Duda,J (2658) Reykjavik 2015}) 10... Bxf3 11. Bxf3 Re8 12. d4 {The position is equal.} Bd6 13. a3 Qe7 14. Bg2 Ne4 15. Nxe4 dxe4 16. Bd2 Nb6 17. e3 Rac8 18. b4 $146 Nd5 19. Rfc1 a6 20. Qd1 f5 21. Rab1 Kh8 22. Qe2 g5 23. f3 $2 (23. Re1 $17 {was necessary.}) 23... Bxg3 $19 24. fxe4 fxe4 25. Rf1 {[#]} Bc7 (25... g4 $1 $19 {[%mdl 512]} 26. hxg4 (26. Qxg4 Rg8) 26... Qh4) 26. Bh1 $2 {[%mdl 8192]} (26. Qh5 $17 {was the crucial defense.}) 26... Rg8 27. Rf5 {[#]} g4 $1 {[%mdl 512]} 28. h4 (28. hxg4 Qh4) 28... Rcf8 29. Rbf1 {intending Rxf8.} Rxf5 30. Rxf5 Qe6 ({Don't do} 30... Qxh4 31. Bxe4 Nf6 32. Bd3 $17) 31. Rf1 g3 32. Bg2 Qh6 33. Bxe4 Qxh4 (33... g2 34. Bxg2 Qxh4 35. Rf7 $11) 34. Qg2 Nf6 35. Bf3 Ng4 36. Bxg4 Rxg4 ({Weaker is} 36... Qxg4 37. Bc3 $11) 37. Rf7 Qh2+ 38. Kf1 Bd6 {...Qh5 is the strong threat.} 39. Rf6 Be7 40. Rf7 Rg6 41. Bc3 $2 (41. e4) 41... Kg8 42. Rf3 Rg4 (42... h5 $142 {And now ...h4 would win.} 43. d5 cxd5) 43. Rf5 (43. Be1 $142 Bd6 44. Rf6) 43... Qh6 $2 (43... h5 $19 {Hoping for ...h4.} 44. d5 Rc4 45. dxc6 bxc6) 44. Ke2 $2 {[%mdl 8192]} (44. Qa2+ $16 Kh8 45. d5+ Rg7 46. Bxg7+ Kxg7 47. Qg2 Qxe3 48. Qb2+ Kg8 49. Qe2 (49. Qe5 Qxa3 50. Qe6+ Kh8 $14) 49... Qxe2+ 50. Kxe2) 44... Qe6 45. Qf3 Rg6 46. d5 cxd5 47. Kf1 (47. Re5 $142 Qg4 48. Qxg4 Rxg4 49. Be1) 47... g2+ 48. Kg1 Bd6 {( -> ...Bh2+!)} 49. Rh5 Qe4 50. Qxe4 dxe4 51. Rh4 $2 (51. Be1) 51... Bg3 {Accuracy: White = 29%, Black = 57%.} 0-1

[Event "2nd Gujarat Open 2019"]
[Site "Ahmedabad, Gujarat"]
[Date "2019.09.24"]
[Round "4.19"]
[White "Sri Sai Baswanth P"]
[Black "Sahoo, Utkal Ranjan"]
[Result "0-1"]
[WhiteElo "2013"]
[BlackElo "2329"]
[Annotator "TA"]
[PlyCount "44"]
[EventDate "2019.09.22"]
[EventCountry "IND"]
[SourceTitle "playchess.com"]
[Source "ChessBase"]
[SourceQuality "1"]

{[%evp 14,44,1,-26,7,0,0,0,0,-18,0,-3,0,-66,-83,-139,-112,-178,-104,-185,-178,-187,-138,-445,-416,-502,-514,-493,-497,-634,-635,-1878,-1811]} 1. e4 e5 2. Nf3 Nc6 3. d4 exd4 4. Nxd4 Nf6 5. Nxc6 bxc6 6. e5 Qe7 7. Qe2 Nd5 8. h4 (8. c4 $5 {[%cal Rc4d5]} Ba6 9. Qe4 $11) 8... Bb7 $146 {C45: Scotch Game} (8... a5 9. c4 Ba6 10. b3 f6 11. exf6 Nxf6 12. Nc3 O-O-O 13. Bb2 Qd6 14. Rh3 Re8 15. Re3 Rxe3 16. Qxe3 {½-½ (28) Swiercz,D (2648)-Melkumyan,H (2653) Saint Louis 2019}) 9. c4 Nb6 10. Rh3 O-O-O {The position is equal.} 11. a4 {And now a5 would win.} a5 12. Bd2 Re8 13. Re3 ({Better is} 13. Bc3 $11) 13... Ba6 $1 $15 14. b3 {[#]} (14. Bxa5 $142 Nd5 15. Bc3) 14... Nd5 $1 $36 {[%cal Rd5e3][%mdl 2624] Pin. Keeping White busy.} 15. Rf3 (15. Rh3 $17) (15. cxd5 Bxe2) 15... Nb4 ({Don't play} 15... Qxe5 16. Rxf7 Bd6 17. Qxe5 $15) (15... Qxh4 $19 16. Nc3 {[#]} Bd6 $1 {[%mdl 512]} 17. Nxd5 cxd5) 16. Bc3 (16. Na3 $17) 16... Qxh4 $19 17. Rxf7 Nd5 18. Qd2 $2 {[%mdl 8192]} (18. Qf3 $17 {is tougher.} Nxc3 19. Nxc3) 18... Bb4 19. Bxb4 {Strongly threatening Bc3.} Rxe5+ {Black is clearly winning.} (19... axb4 $2 20. Kd1 $19) 20. Kd1 {Bc3 is the strong threat.} Qh5+ (20... axb4 $2 21. Kc2 $19) 21. Rf3 {aiming for Bc3.} Nxb4 22. Qb2 Rhe8 {Accuracy: White = 28%, Black = 72%.} 0-1

[Event "2nd Gujarat Open 2019"]
[Site "Ahmedabad, Gujarat"]
[Date "2019.09.24"]
[Round "4.20"]
[White "Arun Rathee"]
[Black "Srihari L R"]
[Result "0-1"]
[WhiteElo "1959"]
[BlackElo "2283"]
[Annotator "TA"]
[PlyCount "92"]
[EventDate "2019.09.22"]
[EventCountry "IND"]
[SourceTitle "playchess.com"]
[Source "ChessBase"]
[SourceQuality "1"]

{[%evp 16,91,41,29,59,56,67,59,58,58,55,56,68,45,45,-61,70,37,59,40,71,51,71,23,53,22,18,0,35,23,21,20,104,62,66,47,59,60,59,54,72,-29,-25,-33,-29,-35,10,23,26,2,28,0,0,0,0,-49,-20,-7,-14,-223,-218,-273,-273,-349,-260,-635,-625,-1005,-987,-948,-948,-29990,-29991,-29991,-29992,-29992,-29993,-29999]} 1. Nf3 d6 2. d4 g6 3. g3 Bg7 4. Bg2 c5 5. O-O cxd4 6. Nxd4 Nf6 7. c4 O-O 8. Nc3 Nbd7 9. b3 Ne5 {E65: King's Indian: Fianchetto: 6...c5 7 0-0 without d5 by White} (9... Nc5 10. Bb2 Rb8 11. Qd2 Bd7 12. Rad1 a6 13. Rfe1 Qc7 14. e4 b5 15. b4 Na4 16. Nxa4 bxa4 17. a3 Rfd8 18. Rc1 e5 {1-0 (45) Xu,X (2574)-Wang,C (2495) Xinghua 2018}) 10. Bb2 Bd7 11. h3 ({Reject} 11. Bxb7 Nxc4 12. bxc4 Rb8 $11) 11... Qb6 {White is slightly better.} 12. Qd2 Nc6 13. Nc2 Qa5 14. e4 Qh5 15. Qd1 (15. h4 $14) 15... Rac8 ({Black should try} 15... Bg4 $1 $15 16. hxg4 Nxg4) 16. Re1 Ne5 17. a4 {[%cal Ba2a4,Ba4a5][%mdl 32]} a6 $146 18. a5 Rb8 19. Nb4 Qxd1 20. Rexd1 (20. Raxd1 {looks sharper.} Rfe8 21. Re3 Nc6 22. Nxc6 Bxc6 23. Ba3) 20... Nc6 21. Nd3 b6 22. axb6 Rxb6 23. Nc1 Rfb8 (23... Nb4 $11 {keeps the balance.}) 24. Na4 Rb4 25. Bc3 Ne8 26. Ra3 Bxc3 27. Nxc3 {[%cal Ba4c3,Bc3d5,Bd5f4][%mdl 32]} a5 28. c5 ({White should play} 28. f4 $16) 28... Be6 $11 {[%cal Re6b3]} 29. cxd6 Nxd6 {[%cal Re6b3]} 30. Nd5 Rxe4 (30... Bxd5 $5 31. exd5 Nd4 $15) 31. Bxe4 Nxe4 32. Nf4 Bc8 33. Re1 Ng5 34. Kg2 Bb7 35. Kf1 e5 {[%mdl 1024] Black has compensation.} 36. Nd5 Rd8 $36 {[%mdl 2048] Black has some pressure.} 37. Nf6+ $2 (37. Rd1 $1 $11 {and White is okay.}) 37... Kg7 $19 38. Ne4 Nf3 ({Inferior is} 38... Nxh3 39. Ra2 $11) ({Don't play} 38... Nxe4 39. Rxe4 Rd1+ 40. Re1 $19) 39. Nc5 Nxe1 40. Nxb7 $2 (40. Kxe1 Bc8 41. Ra4) 40... Rd1 {Threatens to win with ...Nd4.} 41. Nd3 Nxd3+ {[%mdl 64] [#] Discovered Attack} 42. Ke2 Nb2 {( -> ...Nd4+)} 43. Ra2 Nd4+ {Black mates.} 44. Ke3 Re1+ 45. Kd2 Re2+ {[%mdl 64] [#] Double Attack} 46. Kc3 Rc2# {Accuracy: White = 30%, Black = 44%.} 0-1

[Event "2nd Gujarat Open 2019"]
[Site "Ahmedabad, Gujarat"]
[Date "2019.09.24"]
[Round "4.21"]
[White "Nawin J J"]
[Black "Abu Sufian, Shakil"]
[Result "0-1"]
[WhiteElo "1939"]
[BlackElo "2255"]
[Annotator "TA"]
[PlyCount "38"]
[EventDate "2019.09.22"]
[EventCountry "IND"]
[SourceTitle "playchess.com"]
[Source "ChessBase"]
[SourceQuality "1"]

{[%evp 18,38,12,15,23,14,15,7,0,5,10,18,18,5,6,21,14,10,16,-126,-116,-29996,-29997]} 1. e4 c6 2. d4 d5 3. Nc3 dxe4 4. Nxe4 Bf5 5. Ng3 Bg6 6. h4 h6 7. Nf3 e6 8. Ne5 Bh7 9. Bd3 Bxd3 10. Qxd3 Nd7 {B19: Classical Caro-Kann: 4...Bf5 main line} 11. f4 Be7 12. Bd2 $146 (12. Nh5 Ngf6 13. Nxg7+ Kf8 14. Nxe6+ fxe6 15. Bd2 Rh7 16. Rh3 c5 17. O-O-O cxd4 18. Rg3 {½-½ (27) Inarkiev,E (2682)-Tomashevsky,E (2706) Izhevsk 2019}) 12... Nxe5 {The position is equal.} 13. fxe5 Bxh4 14. O-O-O {Hoping for Nh5.} Bxg3 $1 15. Qxg3 Ne7 16. Qxg7 {[%mdl 64] [#] Double Attack} Rg8 17. Qxh6 {Qh7 is the strong threat.} Qd5 18. Bb4 (18. Kb1 $11 {keeps the balance.} O-O-O 19. Qf6) 18... Qxa2 $17 19. Bxe7 $2 {[%mdl 8192]} (19. g4 $17 Rxg4 20. c3) 19... Rxg2 0-1

[Event "2nd Gujarat Open 2019"]
[Site "Ahmedabad, Gujarat"]
[Date "2019.09.24"]
[Round "4.22"]
[White "Nikhil Magizhnan"]
[Black "Adarsh Tripathi"]
[Result "0-1"]
[WhiteElo "2251"]
[BlackElo "1915"]
[Annotator "TA"]
[PlyCount "99"]
[EventDate "2019.09.22"]
[EventCountry "IND"]
[SourceTitle "playchess.com"]
[Source "ChessBase"]
[SourceQuality "1"]

{[%evp 9,99,3,28,-11,-7,-131,-131,-123,-128,-170,-172,-170,-173,-318,-290,-283,-225,-235,-217,-231,-213,-216,-110,-118,-113,-116,-115,-143,-93,-97,-89,-129,-118,-152,-125,-174,-147,-170,-125,-125,-120,-181,-198,-328,-317,-304,-246,-226,-235,-236,-216,-247,-241,-320,-316,-391,-402,-395,-395,-371,-276,-514,-508,-577,-558,-839,-833,-824,-823,-833,-831,-807,-732,-713,-610,-610,-597,-572,-581,-538,-510,-488,-494,-1105,-1112,-1218,-1168,-1075,-1168,-1164,-1046,-853]} 1. e4 c5 2. Nf3 Nc6 3. c3 d5 4. exd5 Qxd5 5. Na3 Bf5 6. d4 {B22: Sicilian: 2 c3} cxd4 7. Nb5 {[#]} (7. Nxd4 $11 Nxd4 8. Qxd4 Qxd4 9. cxd4) 7... O-O-O $1 $17 {...e5 is the strong threat.} 8. cxd4 {[#]Black is clearly better.} e5 $1 {And now ...Nf6 would win.} 9. Qa4 Bb4+ 10. Bd2 Bxd2+ ({Inferior is} 10... exd4 11. Bxb4 a6 12. Rc1 $16) 11. Kxd2 (11. Nxd2 $142 a6 12. Nc3 Qxd4 13. Nc4) 11... a6 $19 (11... Kb8 12. Bc4 Qe4 13. Rhe1 {0-1 (21) Nepomniachtchi,I (2718)-Wang,Y (2697) St Petersburg 2012}) 12. Nc3 Qc5 13. Ne2 Qb6 $146 14. Qb3 Qxb3 15. axb3 exd4 (15... Nf6 $19 {aiming for ...Rhe8.} 16. Rc1 Rhe8) 16. Rc1 $17 Kb8 {Threatens to win with ...Na5.} 17. Ng3 Be6 18. Bc4 Bxc4 19. bxc4 Nf6 20. h3 Nd7 21. Rce1 f6 22. Ne4 Rhe8 23. b3 Nde5 24. Nxe5 Rxe5 25. f3 (25. Ng3 $17) 25... Na5 $19 26. Rb1 (26. Kc2 {was necessary.}) 26... f5 27. Ng3 g6 {Strongly threatening ...Re3.} 28. Ne2 Re3 29. Nc1 Rde8 30. Rf1 R8e6 31. Kc2 Rb6 32. Rb2 Rc3+ 33. Kb1 Nxb3 {White must now prevent ...Nd2+.} 34. Rd1 Ka7 35. Ne2 $2 (35. Nxb3 Rcxb3 36. Rxb3 Rxb3+ 37. Ka2) 35... Rxc4 {Black is clearly winning.} 36. Rd3 Rcb4 37. Nf4 {[#] If White can now play Nd5 this consolidates a bit.} Nc5 $1 {[%mdl 64] Discovered Attack} 38. Rdd2 d3 39. Nd5 Rxb2+ 40. Rxb2 {[%mdl 4096] Endgame [#] KRN-KRN} d2 $1 {[%mdl 512]} 41. Ne3 Re6 42. Nd1 Re2 43. g4 Nd3 44. Rb3 Nf4 45. h4 Ng2 46. h5 (46. gxf5 $142 gxf5 47. Rd3) 46... f4 47. Rd3 Ne3 48. Nc3 Re1+ 49. Kb2 d1=Q 50. Nxd1 {Accuracy: White = 23%, Black = 76%.} 0-1

[Event "2nd Gujarat Open 2019"]
[Site "Ahmedabad, Gujarat"]
[Date "2019.09.24"]
[Round "4.23"]
[White "Fathima, Abdeen"]
[Black "Sarwat, Walaa"]
[Result "1/2-1/2"]
[WhiteElo "1937"]
[BlackElo "2236"]
[Annotator "TA"]
[PlyCount "378"]
[EventDate "2019.09.22"]
[EventCountry "IND"]
[SourceTitle "playchess.com"]
[Source "ChessBase"]
[SourceQuality "1"]

{[%evp 25,378,-8,0,-17,50,-29,31,-27,-29,-36,-15,-47,-21,-57,-50,-58,-52,-142,-142,-142,-141,-143,-108,-114,-109,-107,-86,-152,-144,-152,-157,-191,-185,-177,-182,-177,-160,-217,-160,-247,-286,-269,-232,-419,-405,-404,-391,-621,-582,-567,-453,-439,-449,-442,-439,-435,-426,-654,-620,-806,-787,-1528,-7276,-12840,-12840,-12844,-12844,-12848,-12847,-12850,-12851,-12851,-12851,-12851,0,0,0,0,0,0,0,0,0,0,0,0,0,0,0,0,0,0,0,0,0,0,0,0,0,0,0,0,0,0,0,0,0,0,0,0,0,0,0,0,0,0,0,0,0,0,0,0,0,0,0,0,0,-27994,0,0,0,0,0,0,0,0,0,0,0,0,0,0,0,0,0,0,0,0,0,0,0,0,0,0,0,0,0,0,0,0,0,0,0,0,0,0,0,0,0,0,0,0,0,0,0,0,0,0,0,0,0,0,0,0,0,0,0,0,0,0,0,0,0,0,0,0,0,0,0,0,0,0,0,0,0,0,0,0,0,0,0,0,0,0,0,0,0,0,0,0,0,0,0,0,0,0,0,0,0,0,0,0,0,0,0,0,0,0,0,0,0,0,0,0,0,0,0,0,0,0,0,0,0,0,0,0,0,0,0,0,0,0,0,0,0,0,0,0,0,0,0,0,0,0,0,0,0,0,0,0,0,0,0,0,0,0,0,0,0,0,0,0,0,0,0,0,0,0,0,0,0,0,0,0,0,0,0,0,0,0,0,0,0,0,0,0,0,0,0,0,0,0,0,0,0,0,0,0,0,0,0,0,0,0,0,0,0,0,0,0,0,0,0,0,0,0,0,0,0,0,0,0,0,0,0]} 1. e4 e5 2. Nf3 Nc6 3. d4 exd4 4. Bc4 Nf6 5. O-O Nxe4 6. Re1 d5 7. Bxd5 Qxd5 8. Nc3 Qd7 9. Nxe4 Be7 10. Bg5 O-O 11. Bxe7 Qxe7 12. Nxd4 {C56: Two Knights: 4 d4 exd4 5 0-0 Nxe4} Bd7 13. Nb3 (13. Nc3 Qd8 14. Nb3 Bf5 15. Qe2 Qg5 16. Qb5 Rab8 17. Nd5 h6 18. f4 Qh4 19. Nd2 Rfe8 {½-½ (40) Hector,J (2499)-Grandelius,N (2668) Ronneby 2018}) 13... Rae8 {LiveBook: 4 Games} 14. Nec5 $146 ({Predecessor:} 14. Re3 Bf5 15. Ng3 Qf6 16. Nxf5 Qxf5 17. Rc3 Re5 18. Qf1 Rfe8 19. Rd1 h6 {1-0 (56) Sukandar,I (2393)-Urkedal,F (2537) Adelaide 2018}) 14... Qxe1+ 15. Qxe1 Rxe1+ 16. Rxe1 Bc8 $1 17. a3 b6 18. Nd3 Bf5 19. Rc1 Rd8 20. Kf1 a5 {[%cal Ba7a5,Ba5a4][%mdl 32]} 21. Ne1 (21. Rd1 $15) 21... a4 $17 22. Na1 Ne5 $36 {[%mdl 2048] Keeping White busy.} 23. b3 c5 24. bxa4 Nc4 25. Nb3 Nxa3 26. c3 (26. Ke2 $142) 26... Be6 27. Na1 Ra8 28. Ke2 Rxa4 29. Nac2 Nb5 30. Ne3 f5 {[%cal Bf7f5,Bf5f4][%mdl 32]} 31. Nd3 (31. g3 $17 {might work better.}) 31... g5 32. f3 (32. g3 $17 {keeps fighting.}) 32... Ra2+ $19 33. Kf1 f4 34. c4 $2 (34. Ng4) 34... Na3 ({Don't take} 34... fxe3 35. cxb5 Bd7 36. Ne5 $19) 35. Nd5 {[#]} Nxc4 $1 {[%mdl 512]} 36. Nxb6 (36. Rxc4 $142 Bxd5 37. Rc1) 36... Nxb6 37. Nxc5 Bc4+ 38. Kg1 Bd5 39. Nd3 Rd2 40. Nf2 Nc4 41. Rb1 (41. h4 $142) 41... Ne3 42. Rc1 h5 43. h3 {[#]} g4 $1 44. hxg4 (44. fxg4 hxg4) 44... hxg4 45. fxg4 {[#]} Nxg4 $1 {[%mdl 512]} 46. Rd1 (46. Nxg4 Rxg2+) 46... Rxf2 47. Rxd5 {[#]} Rxg2+ $1 {[%mdl 4608] Endgame KRN-KR} 48. Kh1 (48. Kxg2 Ne3+) 48... Rh2+ ({Weaker is} 48... f3 49. Rg5+ Kh7 50. Rh5+ Kg7 51. Rg5+ Kf6 52. Rf5+ Ke6 53. Rxf3 $15) 49. Kg1 Rh7 $2 (49... Rh4 $19 50. Rf5 Ne3) 50. Rd8+ $11 Kg7 {...f3 is the strong threat.} 51. Rd4 Kf6 52. Rxf4+ {[%mdl 64] Double Attack} Kg5 53. Ra4 (53. Re4 {with more complications.}) 53... Rf7 54. Rb4 Kh4 55. Ra4 Rf3 {Threatens to win with ...Kg3.} 56. Kg2 Rb3 57. Ra8 Rg3+ 58. Kf1 Re3 59. Kg2 Kg5 60. Rg8+ Kf4 61. Rf8+ Ke4 62. Ra8 Rb3 63. Ra4+ Kf5 64. Ra8 Ne3+ 65. Kf2 Nc4 66. Re8 Nd6 67. Ra8 Kf4 68. Rf8+ Ke4 69. Ra8 Rb2+ 70. Kg3 Nf5+ 71. Kg4 Rg2+ 72. Kh3 Rg5 73. Ra3 Kf4 74. Kh2 Ne3 75. Ra8 Kf3 76. Rh8 Nf5 $2 ({Better is} 76... Rg2+ 77. Kh3 Rg3+ 78. Kh4 Ng2+ 79. Kh5 Rh3+ 80. Kg6 Rxh8 81. Kf7 Nf4 82. Ke7 Rh6 83. Kd8 Nd5 84. Ke8 Kf4 85. Kd8 Kf5 86. Kd7 Rb6 87. Ke8 Ke6 88. Kf8 Rb7 89. Kg8 Nf6+ 90. Kh8 Rh7#) 77. Ra8 {The position is equal.} Nd4 78. Rf8+ Nf5 79. Ra8 Rg4 (79... Rh5+ {keeps more tension.}) 80. Rf8 Rh4+ (80... Rf4 {with more complications.}) 81. Kg1 Rh5 82. Ra8 Rg5+ 83. Kf1 Ne3+ 84. Ke1 Rd5 {[%csl Ge3][%cal Rd5d1]} (84... Rg1+ {seems wilder.}) 85. Rf8+ Nf5 86. Ra8 Ng3 (86... Re5+ {is interesting.}) 87. Ra3+ Kf4 88. Ra4+ Ne4 89. Ra3 Rd2 90. Ra4 Rd3 91. Ke2 Re3+ 92. Kd1 Rc3 93. Ra8 Ke3 {( -> ...Nf2+)} 94. Re8 Rc5 95. Re7 Rc8 96. Re6 Kd3 97. Re7 Rc5 98. Re8 Ke3 (98... Rd5 {looks sharper.}) 99. Re7 Rc8 100. Re6 Kd3 101. Re7 Nc3+ (101... Rd8 {keeps more tension.}) 102. Ke1 Rf8 (102... Rd8 {is more complex.}) 103. Rd7+ Kc2 104. Rc7 Rf3 105. Rc8 Kb3 106. Kd2 Nd5 107. Ke2 Rh3 108. Kf2 Ne3 109. Rc7 Nc4 110. Rc8 Kc3 111. Rd8 Ne3 112. Ra8 Kd4 113. Ra4+ Ke5 114. Ra8 Ng4+ 115. Ke2 Rb3 116. Re8+ Kd4 117. Rd8+ Ke4 118. Re8+ Ne5 119. Kd2 Rd3+ 120. Kc2 Rd5 121. Kc3 Rc5+ 122. Kd2 Rc6 123. Re7 Kd4 124. Re8 Rh6 125. Rd8+ Ke4 126. Re8 Rh2+ 127. Kc3 Rg2 128. Re7 Kd5 129. Re8 Rg3+ 130. Kd2 Nf3+ 131. Ke2 Nd4+ 132. Kd2 Rg2+ 133. Kd3 Nc6 134. Ke3 Rg4 135. Kf3 Ra4 136. Rh8 Ne5+ 137. Ke3 Ra3+ 138. Kd2 Nf3+ 139. Ke2 Ke4 140. Re8+ Ne5 141. Kd2 Rd3+ 142. Ke2 Rd6 143. Ra8 Nc6 144. Re8+ Kd4 145. Rh8 Re6+ 146. Kd2 Kc4 147. Rc8 Kd4 148. Rh8 Re4 149. Ra8 Nb4 150. Rd8+ Nd5 151. Ra8 Kc5 152. Ra5+ Kc4 153. Ra8 Rh4 154. Ra4+ Nb4 155. Ra8 Rh2+ 156. Ke3 Nd5+ 157. Ke4 Re2+ 158. Kf3 Re3+ 159. Kf2 Rb3 160. Ra4+ Kd3 161. Ra8 Rb7 162. Rf8 Rd7 163. Rf3+ Kd2 164. Rf8 Ne3 165. Ra8 Rd3 166. Ra2+ Nc2 167. Ra8 Rd7 168. Re8 Nd4 169. Rf8 Ne6 170. Ra8 Rf7+ 171. Kg3 Ke3 172. Ra3+ Ke4 173. Ra8 Rf3+ 174. Kg4 Rf1 175. Kg3 Rg1+ 176. Kf2 Rb1 177. Re8 Rb2+ 178. Kg3 Kf5 179. Ra8 Rb3+ 180. Kf2 Rd3 181. Ke2 Nf4+ 182. Kf2 Ne6 183. Ke2 Ke4 184. Re8 Rd6 185. Re7 Kd4 186. Rf7 Ra6 187. Re7 Ra2+ 188. Kf3 Nc5 189. Re8 Ra3+ {Accuracy: White = 64%, Black = 86%.} 1/2-1/2